000 00604nam a2200181Ia 4500
008 151018s9999 xx 000 0 und d
082 _bRBASDV17075
_a891.462
100 _aचि त्र्य खानोलकर
245 _aसंगीत अभोगी
250 _b2
260 _bअमेय प्रकाशन पुणे
_c1976
300 _a73
600 _aचि त्र्य खानोलकर
630 _aसंगीत अभोगी
700 _aचि त्र्य खानोलकर
730 _aसंगीत अभोगी
942 _cBOOK
999 _c1017760
_d1017757